Statistiques concernant Pouvez-vous Nommer les 10 Pays avec le Plus D'îles ?

Cliquez ici pour prendre le quiz!

Statistiques générales

  • Ce quiz a été pris 182 fois
  • Le résultat moyen est 8 sur 11

Statistiques - réponses

HintRéponse% Correct
17,504 îlesIndonésie
90%
6,852 îlesJapon
88%
52,455 îlesCanada
85%
18,617 îlesétats unis
85%
239,057 îlesNorvège
76%
8,222 îlesAustralie
75%
Il a le meme du Nu.10Chine
74%
7,641 îlesPhilippines
74%
267,570 îlesSuède
73%
178,947 îlesFinlande
67%
5,000 îlesChili
48%

Distribution des résultats

Percentile par nombre de réponses

% des personnes avec chaque résultat

Votre développement - résultats

Vous n’avez pas pris ce quiz